Statistics for London Underground - Central Line Map

Click here to take the quiz!

General Stats

  • This quiz has been taken 28 times
  • The average score is 40 of 49

Answers on the Map

Answers color-coded by a green-red scale on the quiz's map according to % correct below.
 

Answer Stats

Answer% Correct
Ealing Broadway
100%
Oxford Circus
100%
Marble Arch
96%
Tottenham Court Road
96%
Bank
92%
Bond Street
92%
Epping
92%
Hainault
92%
Liverpool Street
92%
North Acton
92%
Notting Hill Gate
92%
Stratford
92%
Bethnal Green
88%
Chancery Lane
88%
Holborn
88%
Lancaster Gate
88%
Queensway
88%
St. Paul's
88%
West Acton
88%
White City
88%
Hanger Lane
83%
Leyton
83%
Leytonstone
83%
Newbury Park
83%
Shepherd's Bush
83%
Wanstead
83%
East Acton
79%
Mile End
79%
Roding Valley
79%
South Ruislip
79%
Woodford
79%
Buckhurst Hill
75%
Fairlop
75%
Gants Hill
75%
Grange Hill
75%
Greenford
75%
Holland Park
75%
Redbridge
75%
Ruislip Gardens
75%
Snaresbrook
75%
West Ruislip
75%
Barkingside
71%
Northolt
71%
Perivale
71%
South Woodford
71%
Theydon Bois
71%
Chigwell
67%
Debden
63%
Loughton
63%

Score Distribution

Percentile by Number Answered

Percent of People with Each Score

Your Score History

You have not taken this quiz